Laddar...
From Raj to Rajiv: 40 years of Indian independence
| Huvudupphovsmän: | , |
|---|---|
| Materialtyp: | Printed Book |
| Publicerad: |
New Delhi, Universal Book Stall
1988
|
| Ämnen: |
| LEADER | 005390000a22001810004500 | ||
|---|---|---|---|
| 020 | |a 81-85274-24-X | ||
| 082 | |a 954.04 M8 | ||
| 100 | |a Mark Tully | ||
| 100 | |a Zareer Masani | ||
| 245 | |a From Raj to Rajiv: 40 years of Indian independence | ||
| 260 | |a New Delhi, Universal Book Stall | ||
| 260 | |c 1988 | ||
| 650 | |a After independence | ||
| 650 | |a History | ||
| 650 | |a India | ||
| 942 | |c BK | ||
| 999 | |c 130109 |d 130105 | ||
| 952 | |0 0 |1 0 |4 0 |6 954_040000000000000_M8 |7 0 |9 129048 |a SCP |b SCP |d 2014-02-11 |l 0 |o 954.04 M8 |p SCP03210 |r 2014-02-11 |w 2014-02-11 |y BK | ||